000 00785nam a22001817a 4500
999 _c14971
_d14971
003 OSt
082 _2664 PAD/OP
088 _aT 318
100 _aPADMAVATHI D
_93996
245 _aOptimization of process parameters for vacuum drying of ripe jackfruite bult (Artocarpus heterophyllus L.)
260 _aTavanur 2015
_bDepartment of Food and Agricultural Process Engineering
300 _a132
500 _aOptimization of process parameters for vacuum drying of ripe jackfruite bult (Artocarpus heterophyllus L.)
520 _aOptimization of process parameters for vacuum drying of ripe jackfruite bult (Artocarpus heterophyllus L.)
700 _aDr. Santhi Mary Mathew (Guide)
_93359
856 _uhttps://drive.google.com/open?id=11qUFdpr52UuvXoWuR_PpPL3KDv04g583
942 _cTH